000 00778 a2200265 4500
003 CBULib
005 20231206125656.0
008 231206b |||||||| |||| 00| 0 eng d
020 _a9780702078682
040 _bEnglish
_cCBULib
_erda
041 _aeng
050 _aRC 46 Fea
100 1 _aFeather, Adam
_91285
245 _aKumar and Clark's clinical medicine
_c/ by Adam Feather; David Randall; and Mona Waterhouse
250 _aTenth edition.
260 _bElsevier,
_c2021
_aLondon :
300 _axix, 1544 pages
336 _2rdacontent
_aText |
_btxt
337 _2rdamedia
_aUnmediated |
_bn
338 _2rdacarrier
_aVolume
_bnc
504 _aIncludes an index
650 0 _91286
_aCLINICAL MEDICINE
650 0 _91287
_aINTERNET RESOURCES
942 _2lcc
_c002
999 _c83502
_d83502